Premier League Nationalities Picture Quiz Stats

 Plays Quiz not verified by Sporcle

Score 0/106 Timer 20:00
0 Plays Today
% Correct
Algeria
92.5%
Croatia
92.5%
Scotland
89.8%
Belgium
89.8%
Finland
88.7%
Uruguay
85.5%
Russia
84.4%
China
81.7%
Sweden
81.7%
England
81.7%
Bosnia and Herzegovina
81.2%
Poland
75.8%
Chile
75.3%
Portugal
75.3%
Wales
75.3%
Hungary
74.7%
Japan
74.2%
Germany
73.7%
Ukraine
73.7%
Australia
73.1%
Iceland
72.6%
Denmark
72%
Brazil
71.5%
Belarus
70.4%
Serbia
70.4%
France
68.8%
Spain
68.8%
Colombia
68.3%
Argentina
68.3%
Armenia
68%
Slovakia
67.7%
Greece
67.7%
Côte d'Ivoire
67.7%
Netherlands
67.7%
Georgia
67.2%
Israel
67.2%
% Correct
Italy
67.2%
United States
66.7%
Czech Republic
66.1%
Honduras
65.6%
New Zealand
65.6%
South Korea
65.6%
Togo
65.6%
Ecuador
65.1%
Morocco
64.5%
Northern Ireland
64.5%
Ghana
64%
Republic of Ireland
63.4%
Nigeria
62.9%
Costa Rica
62.9%
Turkey
62.4%
Norway
62.4%
Switzerland
62.4%
Zimbabwe
61.8%
Senegal
61.8%
Latvia
61.3%
Bulgaria
61.3%
Liberia
60.8%
Democratic Republic of the Congo
60.2%
Paraguay
60.2%
Kenya
59.1%
Jamaica
56.5%
Peru
55.9%
Montenegro
55.9%
Egypt
55.4%
Romania
55.4%
Estonia
53.2%
Austria
52.7%
Slovenia
52.2%
Trinidad and Tobago
51.6%
Canada
50.5%
Mali
49.5%
% Correct
Albania
47.3%
South Africa
46.8%
Cameroon
46.8%
Angola
44.6%
Oman
44.1%
Mexico
43.5%
Lithuania
42.5%
Republic of Congo
41.4%
Benin
39.8%
Tunisia
38.7%
Venezuela
37.6%
Faroe Islands
36%
Gambia
33.3%
Burkina Faso
32.3%
Bermuda
31.7%
Grenada
31.7%
Gabon
31.2%
Iran
31.2%
Cyprus
29.6%
Bolivia
29.6%
FYR Macedonia
29%
Pakistan
26.9%
Burundi
25.8%
Zambia
24.7%
Guyana
23.1%
Montserrat
23.1%
Barbados
23.1%
Curacao
21%
Cape Verde
19.9%
Antigua and Barbuda
18.3%
Guinea
18.3%
Sierra Leone
18.3%
Saint Kitts and Nevis
16.7%
Seychelles
11.8%

You're not logged in!

Compare scores with friends on all Sporcle quizzes.
OR
Log In

Sporcle TV

Today on Sporcle TV


Watch our educational content, quiz creation guides, and fun videos on Sporcle TV.

Show Comments

Extras

Top Quizzes Today


Score Distribution

Your Account Isn't Verified!

In order to create a playlist on Sporcle, you need to verify the email address you used during registration. Go to your Sporcle Settings to finish the process.

Report this User

Report this user for behavior that violates our Community Guidelines.

Details: